00266pam a2200121 a 4500020000500000041000800005082000900013100001700022245004800039250001000087260003400097300001300131 c aeng bLAL  aLal kishon . aHuman resource mangment hTextual Documents a2009. adehli :bAvinash paperbacks . a308 pg .